| 000 | 00609cam a2200181 4500 | ||
|---|---|---|---|
| 008 | 000000n2000 000 0 eng u | ||
| 035 | _a(Sirsi) u103579 | ||
| 245 | _aProperty holdings | ||
| 260 | _c2000 | ||
| 490 |
_aEstates Gazette _v(0001) 8 January 2000, 23(1) |
||
| 520 | _aResearch by GVA Grimley indicates that companies are acquiring more property in response to rapid economic growth. | ||
| 590 | _aWB | ||
| 650 | _aPROPERTY INVESTMENT | ||
| 650 | _aPROPERTY HOLDINGS | ||
| 650 | _aFORECASTS | ||
| 690 | _aPROPERTY-COMMERCIAL PROPERTY-COMMERCIAL PROPERTY FINANCE AND INVESTMENT | ||
| 942 | _n0 | ||
| 999 |
_c62216 _d62216 |
||